[Event "SVK-chT1W 0910"]
[Site "Slovakia"]
[Date "2010.03.06"]
[Round "10.4"]
[White "Puchart, Vladimir"]
[Black "Petrik, Stanislav"]
[Result "1-0"]
[WhiteElo "2047"]
[BlackElo "2183"]
[PlyCount "70"]
[EventDate "2009.10.17"]
[EventType "team"]
[EventRounds "11"]
[EventCountry "SVK"]
[SourceTitle "EXT 2011"]
[Source "ChessBase"]
[SourceDate "2010.11.26"]
[SourceVersion "1"]
[SourceVersionDate "2010.11.26"]
[SourceQuality "1"]
[WhiteTeam "Trnava Lokomotiva"]
[BlackTeam "Bratislava Doprastav"]
[WhiteTeamCountry "SVK"]
[BlackTeamCountry "SVK"]

1. d4 Nf6 2. c4 e6 3. g3 c5 4. Nf3 cxd4 5. Bg2 e5 6. 0-0 Nc6 7. a3 a5 8. e3 dxe3 9. Bxe3 Be7 10. Nc3 d6 11. Qb3 0-0 12. Rac1 h6 13. Rfd1 a4 14. Nxa4 Be6 15. Nb6 Na5 16. Qb5 Ra6 17. Nxe5 Ne8 18. Nd3 Nc7 19. Qh5 Bg5 20. Bxg5 hxg5 21. Nd5 g6 22. Qf3 Nb3 23. Rb1 Nxd5 24. cxd5 Bf5 25. Nb4 Bxb1 26. Qxb3 Bf5 27. Nxa6 bxa6 28. Rc1 g4 29. Qb7 Qa5 30. Qc7 Qd2 31. Qc3 Qg5 32. Qe3 Qf6 33. Qe2 Rb8 34. b4 a5 35. bxa5 Rb2 1-0